000 00868nam0a22002291i 4500
001 rc\3304199
005 20240723231912.0
021 _aRU
_b[72-8817а]
035 _a(NLR Aleph) 007410647
090 _a6811722
_c6811722
100 _a20130115d1972 |||y0rusy50 ca
101 0 _arus
102 _aRU
105 _ay d |||||
200 1 _aПрибавочный продукт колхозного производства и его распределение
_e(На материалах колхозов КиргССР)
_eАвтореф. дис. на соискание учен. степени канд. экон. наук
_e(590)
_fТашк. ин-т нар. хоз-ва
210 _aТашкент
_d1972
215 _a26 с.
700 1 _aДжапаров
_bГ.
801 0 _aRU
_bNLR
_gpsbo
801 1 _aRU
_bELAR
_2rusmarc
852 _aNLR
_j72-4/34781
942 _cBOOK